[Event "Santo Antonio de Jesus Bahia op"]
[Site "Santo Antonio de Jesus"]
[Date "2022.07.10"]
[Round "6"]
[White "Santos, Alan Gomes Florenci"]
[Black "Santos, Claudio Ari Bergoss"]
[Result "1-0"]
[WhiteElo "1729"]
[BlackElo "1800"]
[PlyCount "43"]
[EventDate "2022.07.07"]
[EventType "swiss"]
[EventRounds "6"]
[EventCountry "BRA"]
[SourceTitle "CBM 209 Extra"]
[Source "ChessBase"]
[SourceDate "2022.09.30"]
[SourceVersion "1"]
[SourceVersionDate "2022.09.30"]
[SourceQuality "1"]

1. d4 d5 2. c4 c6 3. Nc3 Nf6 4. e3 e6 5. Nf3 Be7 6. Qc2 0-0 7. b3 Nbd7 8. Bb2 Re8 9. Bd3 Nf8 10. 0-0 Bd7 11. Rfe1 c5 12. Rad1 cxd4 13. exd4 dxc4 14. bxc4 Rc8 15. Qe2 Bd6 16. a3 Ng6 17. g3 Bc6 18. Ne5 Qb6 19. c5 Bxc5 20. dxc5 Qxc5 21. Nxc6 Rxc6 22. Bb5 1-0